[Event "Zonal 3.3 2015"]
[Site "Ho Chi Minh City VIE"]
[Date "2015.03.08"]
[Round "2.11"]
[White "Zhang Zhong"]
[Black "Tran Tuan Minh"]
[Result "1-0"]
[WhiteElo "2614"]
[BlackElo "2455"]
[PlyCount "61"]
[EventDate "2015.03.07"]

1. e4 c5 2. Nf3 d6 3. d4 cxd4 4. Nxd4 Nf6 5. Nc3 a6 6. Bg5 e6 7. Qf3 Be7 8.
O-O-O Qc7 9. Qg3 Nbd7 10. Be2 Nc5 11. Bf3 Bd7 12. Rhe1 O-O-O 13. Kb1 Kb8 14.
Nb3 Na4 15. Rd3 Rc8 16. Rc1 h6 17. Bd2 g5 18. e5 dxe5 19. Nxa4 Bxa4 20. Bc3 Nd7
21. Rxd7 Qxd7 22. Rd1 Qe8 23. Qxe5+ Ka7 24. Qe3+ b6 25. Bxh8 Qxh8 26. Qe4 Bc6
27. Rd7+ Kb8 28. Qe3 Bd8 29. Bxc6 Rxc6 30. Na5 Kc8 31. Rxf7 1-0

[Event "TCh-ISR 2015"]
[Site "Israel ISR"]
[Date "2015.03.20"]
[Round "7.5"]
[White "Sutovsky, E."]
[Black "Zifroni, D."]
[Result "1-0"]
[WhiteElo "2637"]
[BlackElo "2491"]
[PlyCount "101"]
[EventDate "2015.01.09"]
[WhiteTeam "CC Ashdod Ilit"]
[BlackTeam "CC Herzliya"]

1. e4 e6 2. d4 d5 3. Nc3 Bb4 4. e5 c5 5. a3 Bxc3+ 6. bxc3 Qa5 7. Bd2 Qa4 8. Qg4
g6 9. Nf3 c4 10. Be2 Nc6 11. O-O Bd7 12. Ra2 O-O-O 13. Bg5 Rf8 14. Qh4 h6 15.
Rb1 b6 16. h3 Kb7 17. Bf1 Ka8 18. Re1 Qa5 19. a4 Rh7 20. Ra3 Re8 21. Bf6 Nxf6
22. exf6 Rhh8 23. Qf4 Rb8 24. Rb1 Rb7 25. Rb5 Qa6 26. Qd6 Rc8 27. h4 Nb8 28.
Rb4 b5 29. Qf4 Nc6 30. Rb1 h5 31. Qd6 bxa4 32. Rxb7 Qxb7 33. Rxa4 Nxd4 34.
Rxa7+ Kxa7 35. cxd4 Bb5 36. Ne5 Rc7 37. Qa3+ Qa6 38. Qf8 Qb7 39. Kh2 Ba6 40.
Kg3 Qb8 41. Qxb8+ Kxb8 42. Kf4 Kc8 43. Kg5 Kd8 44. Kh6 Ke8 45. Kg7 Bb5 46. Be2
Ba4 47. c3 Bc2 48. g4 hxg4 49. Bxg4 Bf5 50. Bd1 Ra7 51. Kg8 1-0